| 000 | 01526nam a2200313 i 4500 | ||
|---|---|---|---|
| 001 | 188623 | ||
| 003 | SpMaBN | ||
| 005 | 20260214184622.0 | ||
| 008 | 190114s2016 sp a c |||| | spa d | ||
| 020 | _a978-84-7075-642-9 | ||
| 080 | _a7.038.53:78 | ||
| 080 | _a78.03(460)"1961/2006" | ||
| 245 | 0 | 0 |
_aEscuchar con los ojos _b: arte sonoro en España, 1961-2016 / _c[Manuel Fontán del Junco, José Iges, José Luis Maire (eds.) ; textos de Albert Alcoz ... [et al.] ; equipo curatorial, Manuel Fontán del Junco ... (et al.)]. |
| 260 |
_aMadrid : _bFundación Juan March, _c[2016] |
||
| 300 |
_a349 p. : _bil. ; _c25 cm + _e1 reproductor mp3. |
||
| 500 | _aExposición: Fundación Juan March, Madrid, del 14 de octubre de 2016 al 15 de enero de 2017; Museu Fundación Juan March, Palma, del 10 de febrero al 21 de mayo de 2016; Museo de Arte Abstracto Español, Cuenca, del 16 de junio al 18 de septiembre de 2016. | ||
| 504 | _aBibliografía: p. [332]-341. | ||
| 650 | 7 |
_aInstalaciones sonoras (Arte)- _vExposiciones. _9165943 |
|
| 650 | 7 |
_aMúsica española- _yS.XX- _vExposiciones. _9165944 |
|
| 655 | 7 |
_aCatálogos de exposiciones _2tgfbne _9193628 |
|
| 700 | 1 |
_aFontán del Junco, Manuel, _d1963- _9226485 |
|
| 700 | 1 |
_aIges, José ( _d1951-) _9165945 |
|
| 700 | 1 |
_aMaire, José Luis. _9165946 |
|
| 700 | 1 |
_aAlcoz, Albert, _d1979- _9165947 |
|
| 710 | 2 |
_aFundación Juan March _94346 |
|
| 852 |
_aES-MaACL _jA-14293 _9195754 _bR.151584 _cDEPO1 _dOlim: N-7293 |
||
| 942 |
_2udc _cMONOGRAFIA |
||
| 999 |
_c188623 _d188623 |
||